000 01157nam0a22002771 4500
001 rc\2729251
005 20260406094333.0
035 _a(NLR Aleph) 006856646
090 _a6804062
_c6804062
100 _a20110915d1937 |||y0rusy50 ca
101 0 _arus
102 _aRU
105 _aa z |||||
200 1 _aМетелица
_e[Перер. отрывок из романа "Разгром"]
_eДля младш. и средн. возраста
_fА. Фадеев
_gРис. Б. Дехтерева
205 _a2-е изд.
210 _aМосква
_aЛенинград
_cДетиздат
_d1937
_eМосква
_gф-ка детской книги Изд-ва детской лит-ры ЦК ВЛКСМ
215 _aОбл., 32 с.
_cил.
_d22х16 см.
225 1 _aКнига за книгой
700 1 _aФадеев
_bА.А.
_f1901-1956
_gАлександр Александрович
702 1 _4440
_aДехтерев
_bБ. А.
_f1908-1993
_gБорис Александрович
_3RU\NLR\auth\7768678
_951606
801 0 _aRU
_bNLR
_gpsbo
801 1 _aRU
_bELAR
_2rusmarc
852 _aNLR
_j37-10/2954
942 _cBOOK
980 _aNB